000 00668nam a2200289Ia 4500
005 20260324124156.0
008 008 260324s9999 xx 000 0 eng d
020 _a9781315632094
037 _aEBOOK
040 _aCRL
040 _beng
040 _cCRL
041 _2eng
041 _aeng
084 _qCRL
100 _aBrian J Jones
_91173139
245 0 _aSocial Capital in America
245 0 _bCounting Buried Treasure
260 _bTaylor and Francis
260 _c2011
365 _a
365 _b350
856 _uhttp://www.taylorfrancis.com/books/9781315632094
942 _cEBOOK
999 _c1767304
_d1767304